Statistiques concernant Les meilleurs buteurs de l'histoire de West Ham United

Cliquez ici pour prendre le quiz!

Statistiques générales

  • Ce quiz a été pris 5 fois
  • Le résultat moyen est 2 sur 10

Statistiques - réponses

BitsNationalitéJoueur% Correct
78Angleterre / JamaïqueMichail Antonio
80%
58AngleterreJarrod Bowen
40%
67AngleterreCarlton Cole
20%
62AngleterreMark Noble
20%
82AngleterreJohnny Byrne
0%
56AngleterreMarlon Harewood
0%
55AngleterreMartin Peters
0%
121AngleterreSir Geoff Hurst
0%
54AngleterreSir Trevor Brooking
0%
118AngleterreTony Cottee
0%

Distribution des résultats

Percentile par nombre de réponses

% des personnes avec chaque résultat

Votre développement - résultats

Vous n’avez pas pris ce quiz